| Tag |
First Indicator |
Second Indicator |
Subfields |
| LEADER |
00000cam a2200000 a 4500 |
| 001 |
in00000008369 |
| 005 |
20151003050036.0 |
| 008 |
871112s1987 enk b 00011 eng d |
| 020 |
|
|
|a 0140432817
|
| 035 |
|
|
|a (OCoLC)16967619
|
| 035 |
|
|
|9 AAA0756AM
|
| 040 |
|
|
|a TXA
|c TXA
|d UtOrBLW
|
| 050 |
|
4 |
|a PR4854
|b .K42 1987
|
| 100 |
1 |
|
|a Kipling, Rudyard,
|d 1865-1936.
|
| 245 |
1 |
0 |
|a Kim /
|c Rudyard Kipling ; edited with an introduction and notes by Edward W. Said.
|
| 264 |
|
1 |
|a Harmondsworth, Middlesex, England :
|b Penguin Books,
|c 1987.
|
| 300 |
|
|
|a 365 pages ;
|c 19 cm.
|
| 336 |
|
|
|a text
|b txt
|2 rdacontent
|
| 337 |
|
|
|a unmediated
|b n
|2 rdamedia
|
| 338 |
|
|
|a volume
|b nc
|2 rdacarrier
|
| 490 |
1 |
|
|a Penguin classics
|
| 504 |
|
|
|a Includes bibliographical references.
|
| 700 |
1 |
|
|a Said, Edward W.
|
| 830 |
|
0 |
|a Penguin classics.
|
| 999 |
|
|
|a MARS
|
| 999 |
f |
f |
|s d06f2601-e39b-3e8d-a6de-b5086bc7355a
|i b82ec25a-b113-3c07-af43-428a41e15403
|t 0
|
| 952 |
f |
f |
|p normal
|a Texas A&M University
|b College Station
|c Sterling C. Evans Library
|d Evans: Library Stacks
|t 0
|e PR4854 .K42 1987
|h Library of Congress classification
|i unmediated -- volume
|m A14812601770
|
| 998 |
f |
f |
|a PR4854 .K42 1987
|t 0
|l Evans: Library Stacks
|